000 00444nam a22001697a 4500
005 20160503095434.0
008 160503b xxu||||| |||| 00| 0 eng d
020 _a0-7-049933-0
041 _aeng
082 _b1131
100 _aBort N. David Dobler W Donald Starling L. Stephen
_9372
245 _aWorld class supply Management
260 _aNew Delhi
_bTata MC Graw Hill,
_c2004
300 _a689
650 _aManagement
_9241
942 _cBK
999 _c439
_d439